| 000 | 00408nam a2200157Ia 4500 | ||
|---|---|---|---|
| 008 | 220216s9999 xx 000 0 und d | ||
| 100 | _aajumpasut Prachaya | ||
| 245 | 0 | _aRecent trends in the rubber industry | |
| 260 | _bRubber Technology International99 | ||
| 300 | _a15-Nov | ||
| 650 | _aAsian crisis | ||
| 650 | _aEnd use products | ||
| 650 | _aRecycling | ||
| 650 | _aRubber industry | ||
| 942 | _cJS | ||
| 999 |
_c66509 _d66509 |
||